| 000 | 01090nam a22003137a 4500 | ||
|---|---|---|---|
| 005 | 20201128021115.0 | ||
| 008 | 141103t2014 enka frb 001 0 eng d | ||
| 020 | _a9781292027821 | ||
| 020 | _a1292027827 | ||
| 040 | _aEG-ScBUE | ||
| 082 | 0 | 0 |
_222 _a610.73 _bPEN |
| 100 | 1 |
_aPender, Nola J., _d1941- _933267 |
|
| 245 | 1 | 0 |
_aHealth promotion in nursing practice / _cNola J. Pender, Carolyn L. Murdaugh, Mary Ann Parsons. |
| 250 | _a6th ed., Pearson new international ed. | ||
| 260 |
_aHarlow : _bPearson Education Limited, _cc.2014. |
||
| 300 |
_all, 351 p. : _bill. ; _c28 cm. |
||
| 490 | 0 | _aAlways learning | |
| 500 | _aIndex : p. 349-351. | ||
| 504 | _aIncludes bibliographical references. | ||
| 650 | 0 |
_aHealth promotion. _932506 |
|
| 650 | 0 |
_aPreventive health services. _933269 |
|
| 650 | 0 |
_aNursing _92162 |
|
| 650 | 1 | 2 |
_aHealth Promotion _933271 _vNurses' Instruction. |
| 653 |
_bNNUR _cNovember2014 _cDecember2014 _cMarch2015 |
||
| 655 |
_vreading book _934232 |
||
| 700 | 1 |
_aMurdaugh, Carolyn L. _933275 |
|
| 700 | 1 |
_aParsons, Mary Ann. _933276 |
|
| 942 |
_2ddc _k610.73 PEN |
||
| 999 |
_c18535 _d18507 |
||